LEADER 00943cam a2200253 i 4500 001 991002650979707536 008 030219s2004 it 000 0 ita d 020 $a8846452313 035 $ab12956260-39ule_inst 040 $aDip.to Studi Storici$bita 082 0 $a306.87 100 1 $aSolinas, Pier Giorgio$0103063 245 12$aL'acqua strangia :$bil declino della parentela nella società complessa /$cPier Giorgio Salinas 260 $aMilano :$bFranco Angeli,$cc2004 300 $a221 p. ;$c23 cm 440 0$aAntropologia culturale e sociale 650 4$aSociologia della famiglia 650 4$aParentela$xStudi antropologici 907 $a.b12956260$b02-04-14$c12-07-04 912 $a991002650979707536 945 $aLE023 306.87 SOL 1 1$g1$i2023000067628$lle023$o-$pE20.00$q-$rl$s- $t0$u1$v0$w1$x0$y.i13837321$z10-09-04 996 $aAcqua strangia$9279914 997 $aUNISALENTO 998 $ale023$b12-07-04$cm$da $e-$fita$git $h0$i0